[Event "Charity Cup MCCT KO 2022"]
[Site "Online"]
[Date "2022.03.24"]
[Round "3.2"]
[White "Carlsen, Magnus"]
[Black "Duda, Jan-Krzysztof"]
[Result "1/2-1/2"]
[WhiteElo "2865"]
[BlackElo "2760"]
[Annotator "TA"]
[PlyCount "100"]
[EventDate "2022.03.18"]
[EventType "k.o."]
[EventCountry "NET"]
[SourceTitle "playchess.com"]
[Source "ChessBase"]
[SourceQuality "1"]

{[%evp 15,100,23,28,9,11,10,27,15,14,16,16,13,3,0,0,8,13,10,49,0,0,-11,-8,-10,-4,-6,-7,-14,-10,-13,0,-13,0,0,0,-8,0,-8,-12,-10,-14,-7,-14,-27,-9,-12,0,-12,0,-13,0,0,0,0,8,2,9,2,2,2,4,0,0,0,0,0,0,0,0,0,0,-4,8,-8,-8,-18,-2,-224,-72,-71,-73,-67,0,0,0,-69,0]} 1. e4 e5 2. Nf3 Nf6 {[%cal Bg8f6,Bf6e4,Be4d6,Bd6f5][%mdl 32]} 3. Nxe5 d6 4. Nf3 Nxe4 5. d4 d5 6. Bd3 Bf5 7. O-O Be7 8. Re1 O-O 9. Nbd2 $1 {[%cal Rd2e4][%mdl 4] outshines the older 9.c4. C42: Petroff Defence: 3 Nxe5 and unusual White 3rd moves.} Nd6 $1 10. Nf1 c6 11. Bxf5 {White has an edge.} Nxf5 12. Qd3 Nd6 13. b3 Na6 14. Ng3 Re8 {[#]} 15. c4 $146 ({Predecessor:} 15. Bd2 Nc7 16. c4 Bf6 17. Ba5 b6 18. Bc3 dxc4 19. bxc4 b5 20. Rxe8+ Ndxe8 21. cxb5 Nxb5 22. Rc1 {0-1 (45) Idani,P (2614)-Duda,J (2738) Krasnaya Polyana 2021}) 15... Bf8 16. Bd2 f6 {Inhibits Ng5.} 17. h4 (17. c5 $14 Rxe1+ 18. Rxe1) 17... Qd7 $11 18. c5 Ne4 19. Nxe4 dxe4 20. Rxe4 {[#]} Nxc5 $1 {[%cal Ba6c5,Bc5e6,Be6c7,Bc7d5][%mdl 32]} 21. Qc4+ Ne6 22. Rae1 {[%cal Re4e6] [#]} b5 $1 23. Qc2 Nc7 24. Rc1 Rxe4 25. Qxe4 Nd5 26. a4 a6 27. h5 Re8 28. Qc2 Re6 29. g3 Qe8 30. Qf5 Re2 31. Kf1 Re6 32. Nh4 Qd7 33. Qf3 Ne7 34. Bb4 Qxd4 35. Bxe7 Bxe7 36. Nf5 Qd5 37. Qxd5 cxd5 {[%mdl 4096] Endgame KRB-KRN} 38. Rc8+ Kf7 39. axb5 axb5 40. Rb8 Re5 41. Nd4 Bc5 42. Nc6 Rf5 43. f4 Ke6 44. Rb7 Kd6 45. Nd8 Rxh5 {Hoping for ...Rh2.} 46. Rxg7 $2 (46. Nf7+ $11 {and White is okay.} Ke6 47. Nd8+ Kf5 48. Kg2) 46... Rh2 $2 (46... Bb6 $19 47. Nb7+ Kc6) 47. Nb7+ $17 Kc6 48. Nd8+ Kd6 {aiming for ...Bb6.} 49. Nb7+ Kc6 {Threatens to win with ...Bb6.} 50. Nd8+ Kd6 {Weighted Error Value: White=0.12 (very precise) /Black=0.11 (very precise)} ({Black should play} 50... Kb6 $15 51. Rb7+ Ka5 52. Nc6+ Ka6) 1/2-1/2

[Event "Charity Cup MCCT KO 2022"]
[Site "Online"]
[Date "2022.03.24"]
[Round "3.2"]
[White "Duda, Jan-Krzysztof"]
[Black "Carlsen, Magnus"]
[Result "0-1"]
[WhiteElo "2760"]
[BlackElo "2865"]
[Annotator "TA"]
[PlyCount "86"]
[EventDate "2022.03.18"]
[EventType "k.o."]
[EventCountry "NET"]
[SourceTitle "playchess.com"]
[Source "ChessBase"]
[SourceQuality "1"]

{[%evp 15,86,12,13,8,7,0,11,6,12,14,18,27,36,28,27,32,15,18,11,0,0,0,0,-225,-120,-113,-131,-104,-66,-61,-47,-230,0,-504,-494,-519,-516,-525,-492,-485,-508,-505,-470,-506,-505,-490,-472,-505,-477,-527,-516,-520,-523,-517,-493,-505,-509,-590,-579,-730,-710,-874,-837,-938,-762,-1084,-886,-854,-800,-871,-843,-811,-694]} 1. e4 c5 2. Nf3 Nc6 3. Bb5 g6 4. O-O Bg7 5. c3 Nf6 6. Re1 O-O 7. d4 d5 8. e5 Ne4 9. Be3 {is cutting edge theory. B31: Sicilian: 2...Nc6 3 Bb5 g6.} cxd4 10. cxd4 Qb6 11. Bxc6 {The position is equal.} Qxc6 12. Nfd2 Be6 {[#]} 13. Nb3 $146 ({Predecessor:} 13. f3 Nxd2 14. Qxd2 Rfc8 15. Nc3 Qa6 16. Ne2 Rc7 17. Nf4 Rac8 18. Rec1 f6 19. Rxc7 Rxc7 {½-½ (31) Kryvoruchko,Y (2686)-Shevchenko,K (2632) Riga 2021}) 13... f5 14. f3 f4 15. Bc1 Rad8 $1 16. Qe2 Ng5 17. h4 Ne4 18. fxe4 dxe4 19. Qxe4 $2 (19. Nc3 $11 e3 20. Bxe3 $1 fxe3 21. Qxe3) 19... Bd5 ({Black should play} 19... f3 $1 $19 {[%cal Rf3f2]} 20. gxf3 Bd5) 20. Qd3 $17 {Nc3 is the strong threat.} (20. Qe2 $2 f3 21. Qf2 (21. gxf3 $2 Rxf3 22. Nc3 Rg3+ 23. Kh2 Rg2+ 24. Qxg2 Bxg2 $19) 21... fxg2 $19) 20... f3 $1 {[%cal Bf4f3,Bf3g2][%mdl 32]} 21. Be3 {Threatens to win with g3.} ({But not} 21. gxf3 $2 Rxf3 22. Re3 Rdf8 23. Rxf3 Rxf3 24. Qxf3 Bxf3 $19) 21... fxg2 {Black is more active.} 22. N1d2 $1 Qe6 {Hoping for ...Qh3.} 23. Bf2 $2 ({Only move:} 23. Bg5 $1 $15) 23... Rf3 $2 $40 {[%mdl 128] Black mounts an attack. Dancing on a razor blade.} 24. Qxf3 {[%mdl 8192]} (24. Nxf3 $11 Qh3 25. Bg3 $1 Qxg3 26. Nbd2) 24... Bxf3 $19 {Black is clearly winning.} 25. Nxf3 Qh3 {[%csl Gg2][%cal Rh3h1]} 26. Nh2 {[#]} Bh6 {To avoid Rac1. ( -> ...Bf4)} 27. Re4 {Inhibits Bf4.} Rf8 {[%cal Of8f2]} 28. Rae1 {[#]} Rxf2 $1 {[%mdl 512]} 29. Kxf2 Qxh2 30. Rg1 Qh3 {White must now prevent ...Qf5+.} 31. Re2 a5 {[%cal Ba7a5,Ba5a4][%mdl 32]} 32. Rxg2 a4 33. Nd2 Qxh4+ 34. Kf1 Qxd4 35. Nf3 Qd5 {[%csl LRa2,LRf3]} 36. Rgf2 Qxa2 37. Rc2 Qd5 {Strongly threatening ...Be3.} 38. Rc8+ Kg7 {aiming for ...Be3.} 39. Kg2 Qe4 40. Rfc2 Qg4+ 41. Kf2 Bf4 42. R2c3 Qg3+ 43. Kf1 Bxe5 {Weighted Error Value: White=0.69/Black=0.24 (precise)} 0-1

[Event "Charity Cup MCCT KO 2022"]
[Site "Online"]
[Date "2022.03.24"]
[Round "3.3"]
[White "Carlsen, Magnus"]
[Black "Duda, Jan-Krzysztof"]
[Result "1-0"]
[WhiteElo "2865"]
[BlackElo "2760"]
[Annotator "TA"]
[PlyCount "103"]
[EventDate "2022.03.18"]
[EventType "k.o."]
[EventCountry "NET"]
[SourceTitle "playchess.com"]
[Source "ChessBase"]
[SourceQuality "1"]

{[%evp 10,103,25,0,30,0,35,0,0,0,5,10,16,7,12,14,16,9,19,12,13,0,19,10,14,13,22,13,17,5,7,2,27,30,29,28,58,57,58,58,52,60,50,52,70,68,71,74,98,59,102,78,75,3,2,0,85,80,98,92,97,102,102,102,102,102,95,0,0,0,0,0,0,0,0,0,0,0,0,0,0,0,0,0,0,0,0,0,239,221,508,466,411,377,902,900]} 1. d4 Nf6 2. Nf3 d5 3. g3 c5 4. Bg2 e6 5. O-O Nc6 6. e3 (6. c4 $5) 6... b6 {D02: 1 d4 d5 2 Nf3 sidelines, including 2...Nf6 3 g3 and 2...Nf6 3 Bf4.} 7. c4 cxd4 {[#]} 8. Nxd4 $146 ({Predecessor:} 8. cxd5 exd5 9. Nxd4 Nxd4 10. Qxd4 Bc5 11. Qe5+ Qe7 12. Qxe7+ Kxe7 13. Nc3 Bb7 14. Rd1 Rhd8 15. Bd2 Rac8 16. Rac1 Kf8 17. Be1 a6 18. a3 b5 19. b4 {½-½ (19) Martin Perez,F (1785)-Suarez Buceta,M (1686) Gran Canaria 2015}) 8... Nxd4 {The position is equal.} 9. exd4 Be7 10. Nc3 O-O 11. cxd5 Nxd5 12. Nxd5 exd5 13. Bf4 Be6 14. Qa4 Qe8 15. Qa6 Qc8 16. Qb5 Qb7 17. Rfc1 {[#] Hoping for Rc7.} Rfc8 {To avoid Rc7} 18. h4 h6 19. Be5 a6 20. Qb3 b5 21. a4 Qd7 22. axb5 Qxb5 23. Rxc8+ Rxc8 24. Qxb5 axb5 25. Bf1 $1 b4 26. Bd3 {Inhibits Bf5.} g5 27. hxg5 hxg5 28. Ra6 g4 29. Rb6 Kf8 (29... Rc1+ $14 {deserves consideration.} 30. Kg2 Rc8) 30. Kg2 Ra8 31. Rb7 (31. Kf1 $16) 31... Bc8 $1 $11 32. Rb6 ({Better is} 32. Rc7 $11) 32... Be6 $1 $16 33. Kf1 Ke8 34. Ke2 Kd8 35. Kd2 Rc8 36. Rb7 Ra8 37. Kc2 {White is more active.} Bd7 38. Bb5 (38. Rb6 $16) 38... Bxb5 $11 39. Rxb5 {[%mdl 4096] Endgame KRB-KRB} Kd7 40. Rb6 ({Not} 40. Rxd5+ $2 Kc6 41. Rc5+ Bxc5 42. dxc5 Kxc5 $19) 40... Ra1 41. Bf4 Rf1 42. Be3 Bd6 43. Ra6 Re1 44. Kd3 Rd1+ 45. Bd2 Rf1 46. Be3 Rd1+ 47. Kc2 Re1 48. Ra5 Bxg3 $2 {[#]} 49. Kd2 $1 $18 Bc7 $2 (49... Bxf2 {was worth a try.} 50. Bxf2 Rb1) 50. Rxd5+ Ke6 {White must now prevent ...Rxe3.} 51. Rc5 g3 $2 (51... Rxe3 52. Kxe3 Bh2) 52. Kxe1 {Weighted Error Value: White=0.08 (flawless) /Black=0.27 (precise)} 1-0

[Event "Charity Cup MCCT KO 2022"]
[Site "Online"]
[Date "2022.03.24"]
[Round "3.3"]
[White "Duda, Jan-Krzysztof"]
[Black "Carlsen, Magnus"]
[Result "0-1"]
[WhiteElo "2760"]
[BlackElo "2865"]
[Annotator "TA"]
[PlyCount "48"]
[EventDate "2022.03.18"]
[EventType "k.o."]
[EventCountry "NET"]
[SourceTitle "playchess.com"]
[Source "ChessBase"]
[SourceQuality "1"]

{[%evp 17,48,7,7,-2,0,-19,-8,-19,-27,-30,-51,-31,-24,-35,-25,-32,-27,-29,-18,-90,-89,-262,-249,-866,-872,-1000,-947,-1548,-1563,-1381,-1118,-29989,-29987]} 1. e4 c6 2. d4 d5 3. f3 e6 4. Nc3 Nf6 5. e5 Nfd7 6. Nce2 c5 7. c3 Nc6 8. f4 Be7 9. Nf3 O-O 10. h4 {C11: French: Classical System: 4 e5 and 4 Bg5 dxe4.} f6 11. a3 a5 12. Ng3 {The position is equal.} Qb6 13. Bd3 {[#]} cxd4 $5 $146 {[%mdl 8] An interesting novelty.} ({Predecessor:} 13... fxe5 14. dxe5 h6 15. Bb1 Rf7 16. Ng5 hxg5 17. hxg5 Bxg5 18. fxg5 Ndxe5 19. g6 Rc7 20. Qh5 Kf8 {1-0 (28) Bologan,V (2574)-Fridman,D (2626) Warsaw 2021}) 14. Ng5 {[%cal Od1h5] White wants to mate with Qh5!} h6 {...dxc3 is the strong threat.} (14... fxg5 15. hxg5 g6 16. Rxh7 Ncxe5 17. Bxg6 (17. Rxe7 $2 dxc3 18. Qe2 cxb2 $19) 17... Nxg6 18. Qh5 $19) 15. Nxe6 {[#] aiming for Qg4.} Ndxe5 16. Nxf8 Nxd3+ 17. Qxd3 {Threatens to win with Ng6.} Bxf8 18. Bd2 (18. Rb1 $1 $11) 18... Bg4 19. Qg6 {To avoid Re8+. White does not recover from this.} (19. c4 $17) 19... Qxb2 $19 20. Rb1 {[#]} (20. O-O f5 21. Qe6+ Kh8 22. Qe1) 20... Re8+ $3 {[%mdl 512]} 21. Kf1 (21. Qxe8 Qxb1+) 21... Qxd2 22. Qxe8 Qxf4+ 23. Kg1 Qxg3 24. Rxb7 Ne5 {Weighted Error Value: White=1.29/Black=0.18 (very precise)} 0-1